000 00458nam a2200169Ia 4500
003 GCL
008 140319s9999 xx 000 0 eng d
040 _aGCL /
_cGCL
082 0 4 _a541.37
_bO F
100 1 _aOLDHAM, KEITH B
245 1 0 _aFUNDAMENTALS OF ELECTROCHEMICAL SCIENCE /
_cOLDHAM, KEITH B
700 1 _aMYLAND, JANC
260 _a[S.N] :
_bACADEMIC PRESS LIMITED. ،
_c1993
300 _a474 P
650 0 4 _aELECTRIC CHEMISTRY
942 _2ddc
_cBK
999 _c24580
_d24580